[Event "Remote No Engine Nah2-01 email"]
[Site "Remote email"]
[Date "2013.07.08"]
[Round "?"]
[White "Pischner, Rainer"]
[Black "Guelker, Lorenz"]
[Result "1-0"]
[WhiteElo "2320"]
[BlackElo "2209"]
[PlyCount "59"]
[EventDate "2013.??.??"]
[EventType "tourn (corr)"]
[EventRounds "6"]
[EventCountry "GER"]
[SourceTitle "Corr 2015"]
[Source "ChessBase"]
[SourceDate "2015.07.17"]
[SourceVersion "1"]
[SourceVersionDate "2015.07.17"]
[SourceQuality "1"]

1. e4 e5 2. Nf3 Nc6 3. Bb5 Nge7 4. 0-0 a6 5. Bc4 d5 6. exd5 Nxd5 7. d4 exd4 8. Nxd4 Nxd4 9. Qxd4 Be6 10. Re1 Be7 11. Qxg7 Kd7 12. Bxd5 Bxd5 13. Qe5 Kc8 14. Qxe7 Rg8 15. Qxd8+ Kxd8 16. g3 Kd7 17. Nc3 c6 18. Nxd5 cxd5 19. Be3 Rac8 20. c3 Rge8 21. Rad1 Re5 22. Rd4 Ke8 23. Red1 Rd8 24. c4 Re7 25. cxd5 Red7 26. d6 b6 27. Re4+ Kf8 28. Bxb6 Rxd6 29. Rxd6 Rxd6 30. Bc5 1-0

[Event "Remote No Engine Nah2-01 email"]
[Site "Remote email"]
[Date "2013.07.08"]
[Round "?"]
[White "Pischner, Rainer"]
[Black "Klein, Tobias"]
[Result "0-1"]
[WhiteElo "2320"]
[BlackElo "2160"]
[PlyCount "26"]
[EventDate "2013.??.??"]
[EventType "tourn (corr)"]
[EventRounds "6"]
[EventCountry "GER"]
[SourceTitle "Corr 2015"]
[Source "ChessBase"]
[SourceDate "2015.07.17"]
[SourceVersion "1"]
[SourceVersionDate "2015.07.17"]
[SourceQuality "1"]

1. d4 d5 2. Nf3 c6 3. c4 Bf5 4. Nc3 e6 5. e3 Bb4 6. a3 Bxc3+ 7. bxc3 Nf6 8. Ne5 Nbd7 9. Qb3 Rb8 10. a4 Nxe5 11. dxe5 Ne4 12. Ba3 dxc4 13. Bxc4 Qd2+ 0-1